Fidel Castro

Bibliographic Details
Format: Book
Published: India : Om Books International 2023
Series:The great leaders series
Subjects:

MARC

LEADER 00000cam a2200000 7i4500
001 0000094142
005 20240820161848.0
020 |a 9789352764501 (  |q paperback) 
040 |e rda 
041 |a English 
090 0 0 |a JF   |b BIO ENG 
245 1 0 |a Fidel Castro 
264 1 |a India :   |b Om Books International   |c 2023 
300 |a 16 pages :   |b colour illustration ;   |c 28 cm. 
336 |a text  |2 rdacontent 
337 |a unmediated  |2 rdamedia 
338 |a volume  |2 rdacarrier 
490 1 |a The great leaders series 
500 |a Children ages 10-12 years old (pink) 
541 |c Purchased on 2024   |f 00308/2024 TSR   |h RM27.50 
650 0 |a Leadership, English 
650 0 |a Leardership   |x Juvenile literature 
730 0 |a Title 
999 |a 0001770943   |b Book   |c Children Collection   |e Desa - PPAJ 
999 |a 0001770944   |b Book   |c Children Collection   |e Desa - PPAJ 
999 |a 0001770945   |b Book   |c Children Collection   |e Desa - PPAJ 
999 |a 0001770946   |b Book   |c Children Collection   |e Desa - PPAJ 
999 |a 0001770947   |b Book   |c Children Collection   |e Desa - PPAJ 
999 |a 0001770948   |b Book   |c Children Collection   |e Desa - PPAJ 
999 |a 0001770949   |b Book   |c Children Collection   |e Desa - PPAJ 
999 |a 0001770950   |b Book   |c Children Collection   |e Desa - PPAJ 
999 |a 0001770951   |b Book   |c Children Collection   |e Desa - PPAJ 
999 |a 0001770952   |b Book   |c Children Collection   |e Desa - PPAJ 
999 |a 0001770953   |b Book   |c Children Collection   |e Desa - PPAJ 
999 |a 0001770954   |b Book   |c Children Collection   |e Desa - PPAJ 
999 |a 0001770955   |b Book   |c Children Collection   |e Desa - PPAJ 
999 |a 0001770956   |b Book   |c Children Collection   |e Desa - PPAJ 
999 |a 0001770957   |b Book   |c Children Collection   |e Desa - PPAJ 
999 |a 0001770958   |b Book   |c Children Collection   |e Desa - PPAJ 
999 |a 0001770959   |b Book   |c Children Collection   |e Desa - PPAJ 
999 |a 0001770960   |b Book   |c Children Collection   |e Desa - PPAJ 
999 |a 0001770961   |b Book   |c Children Collection   |e Desa - PPAJ 
999 |a 0001770962   |b Book   |c Children Collection   |e Desa - PPAJ 
999 |a 0001770963   |b Book   |c Children Collection   |e Desa - PPAJ 
999 |a 0001770964   |b Book   |c Children Collection   |e Desa - PPAJ 
999 |a 0001770965   |b Book   |c Children Collection   |e Desa - PPAJ 
999 |a 0001770966   |b Book   |c Children Collection   |e Desa - PPAJ 
999 |a 0001770967   |b Book   |c Children Collection   |e Desa - PPAJ 
999 |a 0001770968   |b Book   |c Children Collection   |e Desa - PPAJ 
999 |a 0001770969   |b Book   |c Children Collection   |e Desa - PPAJ 
999 |a 0001770970   |b Book   |c Children Collection   |e Desa - PPAJ 
999 |a 0001770971   |b Book   |c Children Collection   |e Desa - PPAJ 
999 |a 0001770972   |b Book   |c Children Collection   |e Desa - PPAJ 
999 |a 0001770973   |b Book   |c Children Collection   |e Desa - PPAJ 
999 |a 0001770974   |b Book   |c Children Collection   |e Desa - PPAJ 
999 |a 0001770975   |b Book   |c Children Collection   |e Desa - PPAJ 
999 |a 0001770976   |b Book   |c Children Collection   |e Desa - PPAJ 
999 |a 0001770977   |b Book   |c Children Collection   |e Desa - PPAJ 
999 |a 0001770978   |b Book   |c Children Collection   |e Desa - PPAJ 
999 |a 0001770979   |b Book   |c Children Collection   |e Desa - PPAJ 
999 |a 0001770980   |b Book   |c Children Collection   |e Desa - PPAJ 
999 |a 0001770981   |b Book   |c Children Collection   |e Desa - PPAJ 
999 |a 0001770982   |b Book   |c Children Collection   |e Desa - PPAJ 
999 |a 0001770983   |b Book   |c Children Collection   |e Desa - PPAJ 
999 |a 0001772098   |b Book   |c Children Collection   |e Perbadanan Perpustakaan Awam Johor 
999 |a 0001772099   |b Book   |c Children Collection   |e Cawangan Urban Transformation Centre 
999 |a 0001772100   |b Book   |c Children Collection   |e Cawangan AEON Kulaijaya 
999 |a 0001772101   |b Book   |c Children Collection   |e Cawangan Pontian 
999 |a 0001772102   |b Book   |c Children Collection   |e Cawangan Bukit Gambir 
999 |a 0001772103   |b Book   |c Children Collection   |e Cawangan Mersing 
999 |a 0001772104   |b Book   |c Children Collection   |e Perbadanan Perpustakaan Awam Johor 
999 |a 0001772105   |b Book   |c Children Collection   |e Cawangan Tmn. Ungku Tun Aminah 
999 |a 0001772106   |b Book   |c Children Collection   |e Cawangan Bandar Tenggara 
999 |a 0001772107   |b Book   |c Children Collection   |e Cawangan Batu Pahat 
999 |a 0001772108   |b Book   |c Children Collection   |e Perbadanan Perpustakaan Awam Johor 
999 |a 0001772109   |b Book   |c Children Collection   |e Cawangan Segamat 
999 |a 0001772110   |b Book   |c Children Collection   |e Cawangan Tangkak 
999 |a 0001772111   |b Book   |c Children Collection   |e Cawangan Muar 
999 |a 0001772112   |b Book   |c Children Collection   |e Perbadanan Perpustakaan Awam Johor 
999 |a 0001772113   |b Book   |c Children Collection   |e Cawangan Kota Tinggi 
999 |a 0001772114   |b Book   |c Children Collection   |e Cawangan Bandar Penawar